Bibliography of doctoral dissertations social sciences 2018 (Record no. 1234806)

MARC details
000 -LEADER
fixed length control field 00717nam a2200229Ia 4500
005 - DATE AND TIME OF LATEST TRANSACTION
control field 20250108124839.0
008 - FIXED-LENGTH DATA ELEMENTS--GENERAL INFORMATION
fixed length control field 008 250107s9999 xx 000 0 eng d
020 ## - INTERNATIONAL STANDARD BOOK NUMBER
International Standard Book Number 978-0-19-946373-2
037 ## - SOURCE OF ACQUISITION
Stock number TB
040 ## - CATALOGING SOURCE
Original cataloging agency CRL
Language of cataloging eng
Transcribing agency CRL
041 ## - LANGUAGE CODE
Language code of text/sound track or separate title eng
Source of code eng
084 ## - COLON CLASSIFICATION NUMBER
Classification number Y592J 152P8
084 ## - COLON CLASSIFICATION NUMBER
Assigning agency CRL
100 ## - MAIN ENTRY--PERSONAL NAME
Personal name Singh Youd Vir Au.; Pani S Rama Devi Au.
9 (RLIN) 729973
245 #0 - TITLE STATEMENT
Title Bibliography of doctoral dissertations social sciences 2018
Statement of responsibility, etc. Singh Youd Vir Au.; Pani S Rama Devi Au.
260 ## - PUBLICATION, DISTRIBUTION, ETC.
Place of publication, distribution, etc. New Delhi, India
Name of publisher, distributor, etc. Association of Indian Universities
Date of publication, distribution, etc. 2418
300 ## - PHYSICAL DESCRIPTION
Extent iv,168p.
365 ## - TRADE PRICE
Price type code INR
Price amount 170
650 ## - SUBJECT ADDED ENTRY--TOPICAL TERM
Topical term or geographic name entry element SOCIAL SCIENCES
942 ## - ADDED ENTRY ELEMENTS (KOHA)
Koha item type Textbook
Classification part Y592J 152P8
Holdings
Withdrawn status Lost status Damaged status Not for loan Home library Current library Date acquired Source of acquisition Cost, normal purchase price Total Checkouts Full call number Barcode Date last seen Price effective from Koha item type
        Central Library Central Library 2025-01-08 Gift, 18/09/2023, 170.00   Sigmaa:494,12,Q18 R0 (RR) CL1698402 2025-01-08 2025-01-08 Textbook
Copyright @ Delhi University Library System